000 00192 a2200097 4500
001 126829
040 _cEscola Canadense de Niteroi
090 _aMP
245 1 0 _aMão de madeira
942 _cMATP
999 _c126829
_d126829